George IV, regent and king, 1811-1830 /

Saved in:
Bibliographic Details
Main Author: Hibbert, Christopher, 1924-
Format: Book
Language:English
Published: London : Al Lane, 1973.
Subjects:
LEADER 01139nam a2200313 a 4500
001 c000037464
003 CARM
005 19880816000000.0
008 731204s1973 enkacj b 001 0beng
015 |a GB*** 
019 1 |a 404014  |z 43273055  |5 LACONCORD2021 
020 |a 0713904879 
035 |a (OCoLC)764142  |5 LACONCORD2021 
040 |a LC  |b eng  |c LC  |d 2190 
043 |a e-uk--- 
050 0 0 |a DA538.A1  |b H53 
082 1 4 |a B  |2 19 
082 1 4 |a 941.07/4/0924  |2 19 
100 1 |a Hibbert, Christopher,  |d 1924- 
245 1 0 |a George IV, regent and king, 1811-1830 /  |c Christopher Hibbert. 
260 |a London :  |b Al Lane,  |c 1973. 
300 |a xiv, 430 p., [16] p. of plates  |b ill. geneal. table, ports. ;  |c 24 cm. 
500 |a Includes index. 
504 |a Bibliography: p. 389-403. 
600 0 0 |a George  |b IV,  |c King of Great Britain,  |d 1762-1830. 
651 0 |a Great Britain  |x Kings and rulers  |x Biography. 
852 8 |b CARM  |h A2:AF13F0  |i C01023  |p 0062024  |f BK 
999 f f |i 1371993c-8414-5ad4-9b9a-fd61c1a21713  |s 42c58040-09aa-5bad-9e01-472ed4364ae6 
952 f f |p Can circulate  |a CAVAL  |b CAVAL  |c CAVAL  |d CARM 1 Store  |e C01023  |f A2:AF13F0  |h Other scheme  |i book  |m 0062024